| 000 | 00858nam a2200217Ii 4500 | ||
|---|---|---|---|
| 003 | JO-AjNU | ||
| 008 | 230605s9999||||xx |||||||||||||| ||und|| | ||
| 017 | _a2009/6/2510 | ||
| 040 |
_aJO-AjNU _bara _erda _cJO-AjNU |
||
| 041 | _aara | ||
| 050 | 1 | 4 | _aBP173.75.K84 2010 |
| 100 | 3 |
_aكليب، أحمد بن محمد أحمد, _eauthor _930634 |
|
| 245 | 0 | 0 | _aالخسارة: مفهومها ومعايير احتسابها وتطبيقاتها في الفقه الإسلامي |
| 250 | _aط1 | ||
| 264 | 3 | 1 | _aعمان: دار النفائس للنشر والتوزيع، 2010 |
| 300 |
_a436ص _bيتضمن ببلوغرافيا(ص403-424) |
||
| 336 |
_atext _btxt _2rdacontent |
||
| 337 |
_aunmediated _bn _2rdamedia |
||
| 338 |
_avolume _bnc _2rdacarrier |
||
| 650 | 4 |
_aالاقتصاد الاسلامي- الخسارة- الفقه الاسلامي _930635 |
|
| 999 |
_aA12166 _c15734 _d15734 |
||